000 00847cam a2200229 a 4500
020 _a0072312602 (alk. paper)
082 0 0 _a150.72
_bSHA
_cN-01,p145
100 1 _aShaughnessy, John J.,
_937068
245 1 0 _aResearch methods in psychology /
_cJohn J. Shaughnessy, Eugene B. Zechmeister, Jeanne S. Zechmeister.
250 _a5th ed.
260 _aBoston MA :
_bMcGraw-Hill,
_cc2000.
300 _axv, 560 p. :
_bill. ;
_c25 cm.
526 _a0
_b0
_c0
_d150_720000000000000_SHA
650 0 _aNUST
_96342
650 0 _aPsychology
_xResearch
_xMethodology
650 0 _aPsychology, Experimental
_937069
700 1 _aZechmeister, Eugene B.,
_937070
700 1 _aZechmeister, Jeanne S.
_91790
856 4 1 _uhttp://www.loc.gov/catdir/toc/mh023/99015858.html
856 4 2 _uhttp://www.loc.gov/catdir/description/mh023/99015858.html
942 _2ddc
_cBK
999 _c541991
_d541991